Автоматизация технологических процессов в строительстве скважин: учебное пособие

Bibliographic Details
Main Author: Гладких Т. Д. Татьяна Дмитриевна
Corporate Author: Тюменский индустриальный университет
Summary:Учебное пособие содержит теоретический материал по основам автоматизации, рассмотрены типовые средства автоматизации и примеры автоматизированных систем управления, встречающихся в практике бурения нефтяных и газовых скважин.
Language:Russian
Published: Москва, Русайнс, 2022
Subjects:
Format: Book
KOHA link:https://koha.lib.tpu.ru/cgi-bin/koha/opac-detail.pl?biblionumber=375251

MARC

LEADER 00000nam0a2200000 4500
001 375251
005 20231102012722.0
010 |a 9785436597133 
035 |a (RuTPU)RU\TPU\retro\32690 
035 |a RU\TPU\book\380329 
090 |a 375251 
100 |a 20221220d2022 m y0rusy50 ca 
101 0 |a rus 
102 |a RU 
105 |a a j 001zy 
200 1 |a Автоматизация технологических процессов в строительстве скважин  |e учебное пособие  |f Т. Д. Гладких  |g Тюменский индустриальный университет 
210 |a Москва  |c Русайнс  |d 2022 
215 |a 106 с.  |c ил. 
320 |a Библиогр.: с. 106 
330 |a Учебное пособие содержит теоретический материал по основам автоматизации, рассмотрены типовые средства автоматизации и примеры автоматизированных систем управления, встречающихся в практике бурения нефтяных и газовых скважин. 
606 1 |a Нефтяные скважины  |x Постройка  |2 stltpush  |3 (RuTPU)RU\TPU\subj\46087  |9 65272 
610 1 |a газовые скважины 
610 1 |a строительство 
610 1 |a ТАУ 
610 1 |a теория автоматического управления 
610 1 |a средства автоматизации 
610 1 |a функции 
610 1 |a бурение 
610 1 |a технологические параметры 
610 1 |a средства измерения 
610 1 |a методы измерения 
610 1 |a исполнительные устройства 
610 1 |a автоматизированное бурение 
610 1 |a учебные пособия 
675 |a 622.24(075.8)  |v 4 
700 1 |a Гладких  |b Т. Д.  |g Татьяна Дмитриевна 
712 0 2 |a Тюменский индустриальный университет  |c (2016- )  |2 stltpush  |3 (RuTPU)RU\TPU\col\21621  |9 28074 
801 1 |a RU  |b 63413507  |c 20221220 
801 2 |a RU  |b 63413507  |c 20230307  |g RCR 
942 |c BK 
959 |a 26/20221220  |d 3  |e 746,00  |f ЧЗТЛ:1  |f УФ:2